000 00704nam a2200253Ia 4500
008 160901s9999 xx 000 0 und d
020 _a978-1-4188-4341-0
050 _aComSc QA 76.9
050 _b.D3M53 2008
245 _aMicrosoft Office Access 2007 :
245 _bcomprehensive concepts and techniques /
245 _cGary B. Shelly… [et al]
260 _aBoston, MA :
260 _bThomson Course Tech.,
260 _c2008
300 _a1 v. (various pagings) :
300 _bcol. ill. ;
300 _c28 cm.
440 _aShelly Cashman Series.
500 _aIncludes index.
650 _aDatabase management.
650 _aMicrosoft Access.
650 _xMicrosoft Office.
999 _c300930
_d300930